[Event "Geneve op 27th"]
[Site "Geneve"]
[Date "2013.01.18"]
[Round "1"]
[White "Barson, Iain"]
[Black "De Gregorio, Alexis"]
[Result "0-1"]
[WhiteElo "1507"]
[BlackElo "1967"]
[PlyCount "103"]
[EventDate "2013.01.18"]
[EventType "swiss"]
[EventRounds "7"]
[EventCountry "SUI"]
[SourceTitle "EXT 2014"]
[Source "ChessBase"]
[SourceDate "2013.11.20"]
[SourceVersion "1"]
[SourceVersionDate "2013.11.20"]
[SourceQuality "1"]

1. e4 c5 2. a3 Nc6 3. Bc4 e6 4. Nc3 Nf6 5. d3 a6 6. h3 d5 7. exd5 exd5 8. Ba2 Be7 9. Nf3 0-0 10. 0-0 d4 11. Ne2 Nd5 12. c4 Nf6 13. Bf4 Bd6 14. Re1 Re8 15. Bg5 h6 16. Bh4 Bd7 17. Rc1 Re6 18. Bg3 Bxg3 19. Nxg3 Qc7 20. Qd2 Rae8 21. b4 b6 22. b5 Nb8 23. a4 a5 24. Ne2 Bc8 25. Nf4 Rxe1+ 26. Rxe1 Rxe1+ 27. Nxe1 Bb7 28. Bb1 Qe5 29. g3 g5 30. Nfg2 Nh7 31. Bc2 Qf5 32. h4 Nd7 33. Bd1 Ne5 34. f4 Ng4 35. Qe2 Nhf6 36. Nf3 Nh5 37. Qe1 Qxd3 38. Nxg5 Nhf6 39. Bxg4 hxg5 40. Be2 Qe4 41. Qf1 gxh4 42. gxh4 Kg7 43. Qf2 Kh6 44. Qf1 Nh5 45. Bxh5 Qxg2+ 46. Qxg2 Bxg2 47. Kxg2 Kxh5 48. Kf3 Kxh4 49. Ke4 f5+ 50. Kxf5 d3 51. Ke4 d2 52. Ke3 0-1

[Event "IECC Swiss email"]
[Site "IECC email"]
[Date "2001.07.17"]
[Round "?"]
[White "Kendall, Donald"]
[Black "Barson, Iain"]
[Result "1-0"]
[WhiteElo "1767"]
[BlackElo "987"]
[PlyCount "31"]
[EventDate "2001.??.??"]
[EventType "tourn (corr)"]
[EventRounds "6"]
[SourceTitle "Corr 2008"]
[Source "ChessBase"]
[SourceDate "2008.06.24"]
[SourceVersion "1"]
[SourceVersionDate "2008.06.24"]
[SourceQuality "1"]

1. e4 e5 2. Nf3 Nc6 3. Bb5 Bd6 4. 0-0 a6 5. Bc4 b5 6. Bd5 Nf6 7. d4 Nxd4 8. Bxa8 c6 9. Nxd4 exd4 10. e5 Bxe5 11. Re1 Qc7 12. Qxd4 d6 13. f4 c5 14. fxe5 0-0 15. Qxd6 Qa5 16. Bd2 1-0